Les villes qui ont accueilli des épreuves lors des J-O de Paris 2024 - Statistiques

Statistiques générales
  • Ce quiz a été pris 157 fois
  • Le résultat moyen est 8 sur 20
Statistiques - réponses
Villes Epreuves % Correct
Paris Athlétisme (marathon/marche) | Badminton | Basketball | Basketball 3x3 | Beach-volley| Boxe | Breakdance | Cyclisme sur route | Escrime | Football | Gymnastique | Haltérophilie | Handball | Judo | Lutte | Nage en eau libre | Taekwondo | Tennis | Tennis de table | Tir à l'arc | Trampoline | Triathlon | Volleyball
98%
Marseille Football | Voile
89%
Villeneuve-d'Ascq Basket-ball | Handball
87%
Décines-Charpieu Football
84%
Bordeaux Football
78%
Nantes Football
69%
Saint-Denis Athlétisme | Natation artistique | Plongeon | Rugby à sept | Water-polo
64%
Nice Football
60%
Saint-Étienne Football
40%
Versailles Équitation | Pentathlon moderne
40%
Taiarapu-Ouest  Surf
32%
Nanterre Natation | Water Polo
25%
Châteauroux Tir
16%
Saint-Quentin-en-Yvelines BMX | Cyclisme sur piste | Golf
15%
Vaires-sur-Marne Aviron | Canoë-kayak
8%
Colombes Hockey sur gazon
7%
Élancourt VTT
4%
Le Bourget Escalade
4%
Villepinte Boxe | Pentathlon moderne
3%
Trappes VTT
2%
Aucun quiz correspondant
Distribution des résultats
% des personnes avec chaque résultat
Percentile par nombre de réponses
Votre historique - résultats
Vous n’avez pas pris ce quiz